| 000 | 00684nam a2200193 a 4500 | ||
|---|---|---|---|
| 008 | 060316s1972 ||||||||||||||||| || u | ||
| 020 | _a0442244630 | ||
| 050 | _aTK 7868.S9 Kli | ||
| 100 | _aKlir, George J | ||
| 245 | 1 | 0 | _aIntroduction to the methodology of switching circuits |
| 246 | _aMethodology of switching circuits. | ||
| 260 |
_aNew York _bVan Nostrand _c1972 |
||
| 300 | _axv, 573 p. illus. | ||
| 350 | _a0.00 | ||
| 650 | _aCIRCUITS | ||
| 650 | _aSWITCHING THEORY--METHODOLOGY | ||
| 650 | _aSWITCHING THEORY | ||
| 995 |
_D0.00 _FCBU-MAIN LIBRARY (Kitwe) _H1 _I9.75 _UAVAILABLE _ZMain Library Open Access Collection |
||
| 999 |
_c48045 _d48045 |
||